000 00545nam a22001697a 4500
005 20251108164013.0
008 250721s1977 xx 000 0 ara d
082 1 4 _a320.158/غزا
100 1 _aالغزالي، محمد
245 1 0 _aحقيقة القومية العربية و أسطورة البعث العربي /
264 1 _aالقاهرة :
_bدار الكتب الحديثة،
_c1977.
300 _a271ص
650 1 7 _aالقومية العربية
650 1 7 _aالأحزاب السياسية
942 _2ddc
_cBK
999 _c1201
_d1201